Normal view
MARC view
- Stephen P. Timoshenko
Entry Corporate Name
001 - CONTROL NUMBER
- control field: 124734
003 - CONTROL NUMBER IDENTIFIER
- control field: NUST
005 - DATE AND TIME OF LATEST TRANSACTION
- control field: 20240722163125.0
008 - FIXED-LENGTH DATA ELEMENTS
- fixed length control field: 240722|| aca||aabn | a|a d
040 ## - CATALOGING SOURCE
- Original cataloging agency: NUST
- Transcribing agency: NUST
110 ## - HEADING--CORPORATE NAME
- Corporate name or jurisdiction name as entry element: Stephen P. Timoshenko
670 ## - SOURCE DATA FOUND
- Source citation: Work cat.: (NUST): James M. Gere 13396, Mechanics of Materials, 1999.
